Reglamento a la Ley de Tránsito

Zapisane w:
Opis bibliograficzny
Korporacja: Costa Rica. Ministerio de Obras Públicas y Transportes
Format: Texto
Wydane: San José: MOPT
Hasła przedmiotowe:
Etykiety: Dodaj etykietę
Nie ma etykietki, Dołącz pierwszą etykiete!

MARC

LEADER 00000 a a2200000 04500
001 17373
003
040
090 |a 020000  
110 |a Costa Rica. Ministerio de Obras Públicas y Transportes  
245 |a Reglamento a la Ley de Tránsito  
260 |a San José:   |b MOPT  
300 |a 39 p.  
650 |a TRANSITO  
650 |a LEGISLACION  
999 |c 14399  |d 14399